Works / (Record no. 10551)

000 -LEADER
fixed length control field 01021cam a2200301 a 4500
003 - CONTROL NUMBER IDENTIFIER
control field OSt
005 - DATE AND TIME OF LATEST TRANSACTION
control field 20220404164146.0
008 - FIXED-LENGTH DATA ELEMENTS--GENERAL INFORMATION
fixed length control field 030625m20029999gw a bc 001 0deng d
010 ## - LIBRARY OF CONGRESS CONTROL NUMBER
LC control number 2003536571
Canceled/invalid LC control number 2006274567
020 ## - INTERNATIONAL STANDARD BOOK NUMBER
International Standard Book Number 9783791332598 (v. 6)
035 ## - SYSTEM CONTROL NUMBER
System control number (OCoLC)ocm52498620
040 ## - CATALOGING SOURCE
Original cataloging agency ZNC
Transcribing agency ZNC
Modifying agency DLC
042 ## - AUTHENTICATION CODE
Authentication code lccopycat
043 ## - GEOGRAPHIC AREA CODE
Geographic area code e-uk---
050 00 - LIBRARY OF CONGRESS CALL NUMBER
Classification number NA997.F65
Item number A4 2002
082 00 - DEWEY DECIMAL CLASSIFICATION NUMBER
Classification number 720/.92
Edition number 22
100 1# - MAIN ENTRY--PERSONAL NAME
Personal name Foster, Norman,
Dates associated with a name 1935-
240 10 - UNIFORM TITLE
Uniform title <a href="Works.">Works.</a>
Date of treaty signing 2002
245 10 - TITLE STATEMENT
Title Works /
Statement of responsibility, etc Norman Foster ; editor, David Jenkins ; contributors, Chris Abel ... [et al.]
260 ## - PUBLICATION, DISTRIBUTION, ETC. (IMPRINT)
Place of publication, distribution, etc Munich :
-- New York :
Name of publisher, distributor, etc Prestel,
Date of publication, distribution, etc c2002-<c2013>
300 ## - PHYSICAL DESCRIPTION
Extent v. <1-4, 6 > :
Other physical details ill. (some col.) ;
Dimensions 30 cm.
504 ## - BIBLIOGRAPHY, ETC. NOTE
Bibliography, etc Includes bibliographical references and indexes.
600 10 - SUBJECT ADDED ENTRY--PERSONAL NAME
Personal name Foster, Norman,
Dates associated with a name 1935-
Form subdivision Catalogues raisonnés.
650 #0 - SUBJECT ADDED ENTRY--TOPICAL TERM
Topical term or geographic name as entry element Architecture
Geographic subdivision Great Britain
General subdivision History
Chronological subdivision 20th century
Form subdivision Catalogs.
700 1# - ADDED ENTRY--PERSONAL NAME
Personal name Foster, Norman,
Dates associated with a name 1935-
700 1# - ADDED ENTRY--PERSONAL NAME
Personal name Jenkins, David,
Dates associated with a name 1957 September 25-
942 ## - ADDED ENTRY ELEMENTS (KOHA)
Source of classification or shelving scheme
Holdings
Withdrawn status Lost status Source of classification or shelving scheme Damaged status Koha normalized classification for sorting Not for loan Permanent location Current location Date acquired Source of acquisition Cost, normal purchase price Total Checkouts Full call number Barcode Date last seen Date last borrowed Cost, replacement price Price effective from Koha item type
        720_000000000000000__92   BMS College of Architecture, Design and Planning BMS College of Architecture, Design and Planning 2022-03-28 6 7422.03 1 720/.92 AR-UG2652 2025-02-27 2025-02-14 10602.90 2022-04-04 UG Books
Copyright © 2025, The Librarian, Library and Information Centre, BMSCA D&P, Bengaluru. All Rights Reserved
web counter

Powered by Koha